Strategický manažment verejnej správy v Slovenskej republike do roku 2020 bakalárska práca
Na minha lista:
| Autor principal: | |
|---|---|
| Autor Corporativo: | |
| Outros Autores: | |
| Formato: | Livro |
| Idioma: | eslovaco |
| Publicado em: |
Košice
2017
|
| Tags: |
Sem tags, seja o primeiro a adicionar uma tag!
|
MARC
| LEADER | 00000nbm a2200000 4500 | ||
|---|---|---|---|
| 001 | 0231683 | ||
| 005 | 20171113105245.7 | ||
| 041 | 0 | |a slo | |
| 044 | |a SK | ||
| 245 | 1 | 0 | |a Strategický manažment verejnej správy v Slovenskej republike do roku 2020 |b bakalárska práca |c Helena Harčaríková ; školiteľ: Gabriela Sančiová |
| 264 | 1 | |a Košice |c 2017 | |
| 300 | |a 49 s. | ||
| 100 | 1 | |a Harčaríková, Helena | |
| 700 | 1 | |a Sančiová, Gabriela, 1991- | |
| 710 | 2 | |a Podnikovohospodárska fakulta EU so sídlom v Košiciach. Katedra manažmentu | |